Airlines serving Delhi Indira Gandhi (DEL) - Statistics

General Stats
  • This quiz has been taken 20 times
  • The average score is 22 of 48
Answer Stats
Airline % Correct
Air India
100%
Emirates
94%
British Airways
88%
IndiGo
88%
SpiceJet
81%
Etihad Airways
75%
Singapore Airlines
75%
Saudia
63%
SriLankan Airlines
63%
Thai Airways International
63%
Air Canada
56%
Cathay Pacific
56%
China Eastern Airlines
56%
Ethiopian Airlines
56%
Qantas
56%
Turkish Airlines
56%
United Airlines
56%
Vietnam Airlines
56%
Biman Bangladesh Airlines
50%
Gulf Air
50%
KLM
50%
Korean Air
50%
Malaysia Airlines
50%
Air Astana
44%
Akasa Air
44%
All Nippon Airways
44%
Drukair
44%
Egyptair
44%
ITA Airways
44%
Japan Airlines
44%
Kuwait Airways
44%
Royal Jordanian
44%
Air Arabia
38%
flydubai
38%
Swiss International Air Lines
38%
Uzbekistan Airways
38%
Iraqi Airways
25%
Somon Air
25%
Ariana Afghan Airlines
19%
Batik Air Malaysia
19%
Bhutan Airlines
19%
VietJet Air
19%
Alliance Air
13%
Air Cambodia
6%
Centrum Air
6%
Aero Nomad Airlines
0%
SalamAir
0%
TezJet
0%
No matching quizzes found
Score Distribution
Percent of People with Each Score
Percentile by Number Answered
Your Score History
You have not taken this quiz